Statistics for 秦代郡级行政区(前210年)- 地图版

Click here to take the quiz!

General Stats

  • This quiz has been taken 18 times
  • The average score is 26 of 49

Answers on the Map

Answers color-coded by a green-red scale on the quiz's map according to % correct below.
 

Answer Stats

Answer% Correct
桂林郡
88%
象郡
88%
会稽郡
82%
渔阳郡
82%
南海郡
82%
苍梧郡(长沙郡)
82%
辽东郡
76%
蜀郡
76%
巴郡
76%
河内郡
71%
河东郡
71%
汉中郡
71%
上党郡
71%
临淄郡(齐郡)
71%
邯郸郡(赵郡)
65%
太原郡
59%
代郡
59%
九江郡
59%
辽西郡
59%
南阳郡
59%
雁门郡
59%
右北平郡
53%
九原郡
53%
琅琊郡
53%
胶东郡(即墨郡)
53%
北地郡
53%
东海郡
53%
颍川郡
53%
洞庭郡(黔中郡)
47%
上谷郡
47%
云中郡
47%
淮阳郡(陈郡)
47%
上郡
41%
庐江郡
41%
故鄣郡(鄣郡)
41%
陇西郡
41%
闽中郡
35%
东郡
35%
衡山郡
35%
南郡
35%
内史
35%
恒山郡
29%
四川郡(泗水郡)
29%
薛郡
29%
广阳郡
29%
钜鹿郡
24%
砀郡
24%
三川郡
24%
济北郡
18%

Score Distribution

Percentile by Number Answered

Percent of People with Each Score

Your Score History

You have not taken this quiz